Normal view
MARC view
Entry Nombre personal
001 - NÚMERO DE CONTROL
- campo de control: 28586
003 - IDENTIFICADOR DEL NÚMERO DE CONTROL
- campo de control: FranzMayer
005 - FECHA Y HORA DE LA ÚLTIMA TRANSACCIÓN
- campo de control: 20221004165006.0
008 - DATOS DE LONGITUD FIJA
- campo de control de longitud fija: 221004|| aca||aabn | a|a d
040 ## - FUENTE DE LA CATALOGACIÓN
- Centro catalogador/agencia de origen: FranzMayer
- Centro/agencia transcriptor: FranzMayer
100 ## - ENCABEZAMIENTO-NOMBRE DE PERSONA
- Nombre de persona: McDermott, Eugene,
- Fechas asociadas al nombre: 1899-1973
- Subdivisión general: Art collections
- Subdivisión de forma: Exhibitions
670 ## - FUENTE DE DATOS ENCONTRADOS
- Cita de la fuente: Work cat.: (FranzMayer)10859: Dallas Museum of Art, autor. 2769, An enduring legacy :, 2018